000 00527nam a2200193Ia 4500
005 20250923145219.0
008 008 250917s9999 xx 000 0 eng d
037 _aTextual
040 _aDSWL
_beng
_cDSWL
041 _aeng
_2eng
084 _aSobX8, N70
_qDSWL
245 0 _aPsychology and Industry
_cEd. by Duane Schultz
260 _aLondon
_bMacmillan Co.
_c1970
300 _axiv,561p.
365 _aUSD
_b5.95
925 _g5.95
942 _cTEXL
_hSobX8, N70
999 _c1448543
_d1448543